[Event "Russian Championship B11 2016"]
[Site "Loo"]
[Date "2016.04.20"]
[Round "1.1"]
[White "Murzin, Volodar"]
[Black "Lystsov, Leonid"]
[Result "1/2-1/2"]
[WhiteElo "2170"]
[BlackElo "1569"]
[PlyCount "82"]
[EventDate "2016.04.20"]

1. g3 g6 2. Bg2 Bg7 3. e4 c5 4. d3 Nc6 5. Nc3 d6 6. Nge2 e6 7. O-O Nge7 8. Be3
Rb8 9. a4 a6 10. d4 d5 11. exd5 exd5 12. Bf4 cxd4 13. Bxb8 dxc3 14. Bf4 cxb2
15. Rb1 Bf5 16. h3 h5 17. Re1 O-O 18. Bg5 Qc7 19. Bxe7 Nxe7 20. Nd4 Rc8 21.
Rxb2 Nc6 22. Nxc6 bxc6 23. Rb1 Qa5 24. g4 hxg4 25. hxg4 Be6 26. Bf3 Qxa4 27.
Kg2 Qf4 28. Rh1 Be5 29. Qe2 Rb8 30. Rxb8+ Bxb8 31. Qe1 Bd6 32. Qc3 d4 33. Qxc6
Bxg4 34. Qe8+ Bf8 35. Bd5 Bh5 36. Qe4 Qg5+ 37. Kf1 Qc1+ 38. Kg2 Qg5+ 39. Kf1
Qc1+ 40. Kg2 Qg5+ 41. Kf1 Qc1+ 1/2-1/2

[Event "Russian Championship B11 2016"]
[Site "Loo"]
[Date "2016.04.20"]
[Round "1.2"]
[White "Nikolaev, Matvei"]
[Black "Makoveev, Ilya"]
[Result "0-1"]
[WhiteElo "1569"]
[BlackElo "2137"]
[PlyCount "70"]
[EventDate "2016.04.20"]

1. e4 e5 2. Nf3 Nc6 3. Bb5 a6 4. Ba4 Nf6 5. d3 d6 6. h3 b5 7. Bb3 Na5 8. Nc3 g6
9. Bg5 h6 10. Be3 c5 11. Qd2 Bg7 12. O-O Bb7 13. Nh2 Nxb3 14. axb3 Qe7 15. f4
exf4 16. Bxf4 g5 17. Bg3 O-O 18. Nf3 Nh5 19. Bh2 f5 20. Rae1 f4 21. Nd1 Rae8
22. c3 Qf7 23. Qc2 d5 24. Nf2 Qg6 25. e5 Bc8 26. Qd2 Bf5 27. d4 Ng3 28. Bxg3
fxg3 29. Nh1 Bd3 30. Nxg3 Bxf1 31. Rxf1 c4 32. b4 g4 33. Nh4 Rxf1+ 34. Nxf1 Qh5
35. Qe1 Bf6 0-1

[Event "Russian Championship B11 2016"]
[Site "Loo"]
[Date "2016.04.20"]
[Round "1.3"]
[White "Ponomarev, Grigori"]
[Black "Gagarinov, Andrey"]
[Result "1-0"]
[WhiteElo "1940"]
[BlackElo "1562"]
[PlyCount "71"]
[EventDate "2016.04.20"]

1. d4 d5 2. Nf3 Nf6 3. Bf4 Nc6 4. e3 e6 5. Bd3 Bd6 6. Ne5 Bxe5 7. dxe5 Nd7 8.
Qg4 Ndxe5 9. Qxg7 Nxd3+ 10. cxd3 Rf8 11. Bh6 Qe7 12. O-O Nb4 13. Nc3 d4 14. Nb5
Nd5 15. e4 Bd7 16. Qxf8+ Qxf8 17. Bxf8 Kxf8 18. Nxd4 Nf4 19. Rac1 c6 20. Rfd1
Ke7 21. g3 Nh3+ 22. Kg2 Ng5 23. f4 e5 24. Nf5+ Bxf5 25. exf5 exf4 26. gxf4 Rg8
27. fxg5 Rxg5+ 28. Kh3 Rh5+ 29. Kg3 Rg5+ 30. Kf4 Rg2 31. Rg1 Rxb2 32. Rce1+ Kf8
33. f6 Rf2+ 34. Ke5 Rxa2 35. Kd6 Rd2 36. Rg8+ 1-0

[Event "Russian Championship B11 2016"]
[Site "Loo"]
[Date "2016.04.20"]
[Round "1.4"]
[White "Khusnulgatin, Artem"]
[Black "Vasilyev, Alexey"]
[Result "0-1"]
[WhiteElo "1559"]
[BlackElo "1828"]
[PlyCount "116"]
[EventDate "2016.04.20"]

1. e4 c5 2. Nf3 e6 3. d4 cxd4 4. Nxd4 a6 5. a3 Nf6 6. Nc3 Qc7 7. Bg5 Be7 8. f3
h6 9. Bh4 Nxe4 10. Bxe7 Nxc3 11. Bd6 Qxd6 12. bxc3 O-O 13. Be2 Qc5 14. c4 Nc6
15. Nb3 Qe7 16. O-O Rd8 17. Qb1 d5 18. cxd5 exd5 19. Bd3 Qf6 20. Re1 Ne5 21.
Be2 Nc4 22. Rd1 Qg5 23. Bxc4 dxc4 24. Rxd8+ Qxd8 25. Nc5 Qd4+ 26. Kh1 Qxc5 27.
c3 b6 28. Qe4 Ra7 29. Rd1 Bf5 30. Rd8+ Kh7 31. Qe2 Re7 32. Qd2 Qe5 33. Kg1 Qe1+
34. Qxe1 Rxe1+ 35. Kf2 Rc1 36. Rd6 Rxc3 37. Rxb6 Rxa3 38. Rc6 Be6 39. Rc5 a5
40. Ke2 a4 41. Kd2 Rb3 42. Ra5 a3 43. Kc1 g6 44. f4 Bf5 45. h3 h5 46. h4 c3 47.
Kd1 c2+ 48. Kd2 Rb8 49. Rxa3 Rd8+ 50. Kc1 Rd1+ 51. Kb2 c1=Q+ 52. Kb3 Rd3+ 53.
Kb4 Rxa3 54. g3 Qc3+ 55. Kb5 Bd3+ 56. Kb6 Ra6+ 57. Kb7 Qc6+ 58. Kb8 Ra8# 0-1

[Event "Russian Championship B11 2016"]
[Site "Loo"]
[Date "2016.04.20"]
[Round "1.5"]
[White "Maneluk, Daniil"]
[Black "Chumaevskiy, Arseniy"]
[Result "1-0"]
[WhiteElo "1801"]
[BlackElo "1552"]
[PlyCount "165"]
[EventDate "2016.04.20"]

1. e4 c5 2. Nf3 Nc6 3. d4 cxd4 4. Nxd4 g6 5. Nc3 Bg7 6. Be3 Nf6 7. f3 O-O 8.
Qd2 d5 9. Nxc6 bxc6 10. O-O-O e6 11. Bg5 Qb6 12. Bh6 Rb8 13. b3 Bb7 14. Bxg7
Kxg7 15. e5 Nd7 16. Re1 c5 17. h4 d4 18. Na4 Qc7 19. h5 Rh8 20. Qf4 Bc6 21.
Nxc5 Qa5 22. Nd3 Qxa2 23. Qxd4 a5 24. Qb2 Qxb2+ 25. Nxb2 Rhc8 26. hxg6 hxg6 27.
Kd2 Rd8 28. Nd3 Rb5 29. f4 Nc5 30. Ke3 a4 31. bxa4 Nxa4 32. Rg1 Nb6 33. g3 Nc4+
34. Ke2 Na3 35. Rc1 Rh8 36. c4 Rh2+ 37. Ke3 Rb3 38. Be2 Be4 39. Rgd1 Bc6 40.
Rd2 Rg2 41. g4 Kg8 42. Kd4 Bf3 43. Ke3 Bc6 44. Bd1 Rg3+ 45. Kd4 Rb8 46. Kc5 Be4
47. Nf2 Rc8+ 48. Kb4 Rb8+ 49. Ka5 Nb1 50. Nxe4 Ra3+ 51. Ba4 Nxd2 52. Nxd2 Ra8+
53. Kb6 R3xa4 54. Ne4 Kf8 55. Nd6 Ke7 56. c5 Rxf4 57. c6 Rb4+ 58. Kc7 Ra7+ 59.
Nb7 Rba4 60. g5 Ra8 61. Rd1 R4a7 62. Rd7+ Ke8 63. Rd4 Ke7 64. Rd3 Kf8 65. Kd7
Re8 66. Rb3 Re7+ 67. Kd6 Ra1 68. Kc5 Rc7 69. Kd6 Rc8 70. Kd7 Re8 71. Kc7 Ra6
72. Kd7 Re7+ 73. Kd6 Re8 74. Nc5 Rd8+ 75. Nd7+ Ke8 76. Rb7 Rc8 77. Nb6 Rd8+ 78.
Kc7 Ra1 79. Nc4 Raa8 80. Nd6+ Kf8 81. Kb6 Ra1 82. c7 Rb1+ 83. Nb5 1-0

[Event "Russian Championship B11 2016"]
[Site "Loo"]
[Date "2016.04.20"]
[Round "1.6"]
[White "Krivov, Nikita"]
[Black "Dudarev, Vladislav"]
[Result "1/2-1/2"]
[WhiteElo "1549"]
[BlackElo "1772"]
[PlyCount "83"]
[EventDate "2016.04.20"]

1. d4 d5 2. c4 c6 3. e3 Nf6 4. Nc3 g6 5. Nf3 Bg7 6. Be2 dxc4 7. Bxc4 O-O 8. O-O
Qc7 9. b3 b5 10. Bd3 Bg4 11. Bb2 Nbd7 12. Rc1 Qb7 13. Ne4 Rac8 14. h3 Nxe4 15.
Bxe4 f5 16. hxg4 fxe4 17. Ng5 Nf6 18. Ne6 Rfe8 19. g5 Nd5 20. Nc5 Qc7 21. Nxe4
Qd7 22. Nc5 Qd6 23. Qg4 e5 24. dxe5 Bxe5 25. Bxe5 Qxe5 26. Nd3 Qe4 27. Qxe4
Rxe4 28. Rc5 Rd8 29. Rxc6 Ne7 30. Nc5 Re5 31. Re6 Rxc5 32. Rxe7 a5 33. Ra7 b4
34. f4 Rd2 35. e4 Rcc2 36. Kh2 Rxg2+ 37. Kh3 Rge2 38. Rd1 Rc3+ 39. Kg4 Rg2+ 40.
Kh4 Rh2+ 41. Kg4 Rg2+ 42. Kh4 1/2-1/2

[Event "Russian Championship B11 2016"]
[Site "Loo"]
[Date "2016.04.20"]
[Round "1.7"]
[White "Grebnev, Aleksey"]
[Black "Makov, Artem"]
[Result "0-1"]
[WhiteElo "1766"]
[BlackElo "1547"]
[PlyCount "120"]
[EventDate "2016.04.20"]

1. e4 c5 2. Nf3 Nc6 3. d4 cxd4 4. Nxd4 g6 5. Be3 Bg7 6. Nc3 Nf6 7. Nxc6 bxc6 8.
e5 Nd5 9. Nxd5 cxd5 10. Qxd5 Rb8 11. O-O-O Qc7 12. f4 O-O 13. Qc5 Qb7 14. Bd4
Re8 15. Qxa7 Qxa7 16. Bxa7 Ra8 17. Bc5 Rxa2 18. Ba3 Ra1+ 19. Kd2 Rxd1+ 20. Kxd1
Bb7 21. Ke1 Bh6 22. b3 Bxf4 23. Bb2 Rc8 24. Bc4 Bxg2 25. Rg1 Be4 26. Rf1 g5 27.
h4 h6 28. hxg5 hxg5 29. Kd1 e6 30. Re1 Rxc4 31. bxc4 Bf3+ 32. Re2 Kg7 33. Ke1
Bxe2 34. Kxe2 Kg6 35. Kf3 Kf5 36. Bd4 Bxe5 37. c3 Bf4 38. c5 e5 39. Bf2 e4+ 40.
Ke2 g4 41. Bh4 g3 42. c4 Kg4 43. Be7 e3 44. Bd6 Bxd6 45. cxd6 g2 46. c5 g1=Q
47. c6 dxc6 48. d7 Qf2+ 49. Kd3 Qd2+ 50. Ke4 Qxd7 51. Kxe3 Qe6+ 52. Kd4 f5 53.
Kc5 f4 54. Kb6 f3 55. Kc7 c5 56. Kd8 Qf7 57. Kc8 f2 58. Kb8 f1=Q 59. Ka8 Qe1
60. Kb8 Qee8# 0-1

[Event "Russian Championship B11 2016"]
[Site "Loo"]
[Date "2016.04.20"]
[Round "1.8"]
[White "Surkov, Alexander"]
[Black "Trofimov, Pavel"]
[Result "0-1"]
[WhiteElo "1540"]
[BlackElo "1748"]
[PlyCount "54"]
[EventDate "2016.04.20"]

1. e4 c5 2. Nf3 d6 3. d4 cxd4 4. Nxd4 Nf6 5. Nc3 a6 6. Bg5 Nbd7 7. Nf5 Qa5 8.
Bd2 Qc7 9. Nd5 Nxd5 10. exd5 Nc5 11. Ne3 Ne4 12. Bb4 a5 13. Ba3 g6 14. c3 Bd7
15. Rc1 Bg7 16. Bd3 Nc5 17. Bxc5 Qxc5 18. Qf3 O-O 19. h4 e6 20. h5 exd5 21.
Nxd5 Rfe8+ 22. Kd1 Re5 23. c4 Qd4 24. Kc2 Bg4 25. Qg3 Re2+ 26. Kd1 Re3+ 27. f3
Qxd3# 0-1

[Event "Russian Championship B11 2016"]
[Site "Loo"]
[Date "2016.04.20"]
[Round "1.9"]
[White "Ismagilov, Igor"]
[Black "Krivenko, Dmitry"]
[Result "0-1"]
[WhiteElo "1719"]
[BlackElo "1536"]
[PlyCount "176"]
[EventDate "2016.04.20"]

1. d4 Nf6 2. Nf3 c5 3. c3 Qc7 4. Bg5 Ne4 5. Bh4 g6 6. Nbd2 d5 7. e3 Bf5 8. Nxe4
Bxe4 9. Bg3 Qb6 10. Qb3 c4 11. Qxb6 axb6 12. Nd2 Bc2 13. Be2 b5 14. O-O Nc6 15.
Rfc1 Bf5 16. Bf4 h5 17. h3 f6 18. Bf3 e5 19. Bh2 Be6 20. Bd1 Bh6 21. Nf3 e4 22.
Nd2 Ke7 23. b4 Ra7 24. Rc2 h4 25. Nb1 Rg8 26. a3 f5 27. Bc7 Ra6 28. Rca2 Rga8
29. a4 g5 30. Ra3 Na7 31. Be5 g4 32. axb5 Nxb5 33. Ra5 g3 34. R1a4 Bd7 35. Rxa6
Rxa6 36. Rxa6 bxa6 37. Bh5 Ke6 38. Kf1 Bc6 39. Ke2 gxf2 40. Kxf2 Nd6 41. Bg6
Bd7 42. Nd2 Nb5 43. Nb1 Na7 44. Bh5 Nc6 45. Bc7 Ne7 46. Bd8 f4 47. exf4 Bxf4
48. Bg4+ Kd6 49. Bxe7+ Kxe7 50. Bxd7 Kxd7 51. Na3 Kc6 52. Ke2 Kd6 53. Kf2 Kc6
54. Ke2 Bc1 55. Nc2 Kd6 56. Kd1 Bg5 57. Na3 Ke6 58. b5 axb5 59. Nxb5 Bd8 60.
Na7 Kf5 61. Nc6 Bg5 62. Nb4 Ke6 63. Ke2 Bf4 64. Na6 Bd6 65. Ke3 Kd7 66. Nc5+
Bxc5 67. dxc5 Kc7 68. Kf4 Kc6 69. g4 hxg3 70. Kxg3 Kxc5 71. Kf4 Kd6 72. h4 Ke6
73. Kg4 Kf6 74. h5 Kg7 75. Kh4 d4 76. cxd4 c3 77. h6+ Kxh6 78. Kg4 c2 79. Kf4
c1=Q+ 80. Kxe4 Qc8 81. Ke5 Kg6 82. Kd6 Kf6 83. d5 Qd8+ 84. Kc6 Ke5 85. Kc5
Qxd5+ 86. Kb4 Kd4 87. Ka4 Kc3 88. Ka3 Qb3# 0-1

[Event "Russian Championship B11 2016"]
[Site "Loo"]
[Date "2016.04.20"]
[Round "1.10"]
[White "Tyurin, Artem"]
[Black "Ryabov, Georgi"]
[Result "1-0"]
[WhiteElo "1532"]
[BlackElo "1715"]
[PlyCount "41"]
[EventDate "2016.04.20"]

1. e4 c5 2. Nf3 e6 3. d4 cxd4 4. Nxd4 a6 5. Nc3 Qc7 6. g3 Nf6 7. Bg2 d6 8. O-O
Bd7 9. Be3 Nc6 10. f4 g6 11. Nxc6 Bxc6 12. Bd4 Bg7 13. e5 dxe5 14. Bxe5 Qb6+
15. Bd4 Qxb2 16. Nd5 Nxd5 17. Bxb2 Bxb2 18. Bxd5 Bxd5 19. Rb1 Ba3 20. Qd4 b5
21. Qxh8+ 1-0

[Event "Russian Championship B11 2016"]
[Site "Loo"]
[Date "2016.04.20"]
[Round "1.11"]
[White "Chugunov, Vadim"]
[Black "Chalov, Egor"]
[Result "1-0"]
[WhiteElo "1710"]
[BlackElo "1522"]
[PlyCount "61"]
[EventDate "2016.04.20"]

1. e4 c5 2. Nf3 e6 3. d4 cxd4 4. Nxd4 Nf6 5. Nc3 d6 6. Be3 a6 7. g3 b5 8. Bg2
Bb7 9. a3 Nbd7 10. Bg5 Be7 11. O-O O-O 12. Re1 Ne5 13. f4 Nc4 14. b3 Na5 15. b4
Nc6 16. e5 Qb6 17. Bxc6 Bxc6 18. exf6 Bf3 19. Qxf3 Qxd4+ 20. Qe3 Bxf6 21. Bxf6
Qxe3+ 22. Rxe3 gxf6 23. Ne4 Rfc8 24. c3 Rc6 25. Rd1 d5 26. Nxf6+ Kg7 27. Nd7 a5
28. Nc5 a4 29. f5 Re8 30. fxe6 fxe6 31. Rxd5 1-0

[Event "Russian Championship B11 2016"]
[Site "Loo"]
[Date "2016.04.20"]
[Round "1.12"]
[White "Kozachek, Stanislav"]
[Black "Prokhorov, Stepan"]
[Result "1-0"]
[WhiteElo "1484"]
[BlackElo "1689"]
[PlyCount "31"]
[EventDate "2016.04.20"]

1. e4 c5 2. Nf3 Nc6 3. d4 cxd4 4. Nxd4 Qb6 5. Nb3 Nf6 6. Nc3 e6 7. Be3 Qc7 8.
f3 Be7 9. Qd2 a6 10. g4 Ne5 11. Be2 h5 12. g5 Ng8 13. Qd4 f6 14. h4 Nxf3+ 15.
Bxf3 Qg3+ 16. Ke2 1-0

[Event "Russian Championship B11 2016"]
[Site "Loo"]
[Date "2016.04.20"]
[Round "1.13"]
[White "Atovmian, Artem"]
[Black "Dubinenko, Konstantin"]
[Result "1-0"]
[WhiteElo "1682"]
[BlackElo "1483"]
[PlyCount "67"]
[EventDate "2016.04.20"]

1. e4 e5 2. Nf3 Nc6 3. d4 exd4 4. Nxd4 Nf6 5. Nxc6 bxc6 6. e5 Qe7 7. Qe2 Nd5 8.
Nd2 Nb4 9. Nf3 f6 10. a3 Ba6 11. Qd1 Bxf1 12. Kxf1 Nd5 13. exf6 Qxf6 14. Bg5
Qxb2 15. Qe2+ Be7 16. Re1 Qxa3 17. c4 Nf6 18. Nd4 Kf7 19. Nf3 Bd6 20. Bxf6 gxf6
21. Nh4 h5 22. Qc2 Rh6 23. g3 Qc5 24. Kg2 Rg8 25. Rhf1 Rg4 26. f4 Rh8 27. Kh1
Bf8 28. Qe4 Bh6 29. Nf5 Rgg8 30. Qd3 Bf8 31. Qxd7+ Kg6 32. Nh4+ Kh6 33. Qf7 Qd4
34. Re6 1-0

[Event "Russian Championship B11 2016"]
[Site "Loo"]
[Date "2016.04.20"]
[Round "1.14"]
[White "Toropov, Lev"]
[Black "Kochetov, Vladislav"]
[Result "0-1"]
[WhiteElo "1466"]
[BlackElo "1674"]
[PlyCount "120"]
[EventDate "2016.04.20"]

1. e4 c5 2. Nf3 Nc6 3. d4 cxd4 4. Nxd4 g6 5. c4 Bg7 6. Be3 Nf6 7. Nc3 O-O 8.
Be2 d6 9. O-O a6 10. Qd2 Qc7 11. Rfd1 Rb8 12. Rac1 Qd8 13. f3 Bd7 14. a3 Ne5
15. b4 Rc8 16. Nd5 Ba4 17. Re1 Nxd5 18. cxd5 Nd7 19. Rxc8 Qxc8 20. Rc1 Qb8 21.
Bh6 Rc8 22. Rxc8+ Qxc8 23. Bxg7 Kxg7 24. Qg5 Kf8 25. Qh6+ Kg8 26. f4 Qc1+ 27.
Kf2 Qd2 28. Nf3 Qb2 29. Qh3 Qxa3 30. f5 Qc3 31. fxg6 hxg6 32. b5 Nf6 33. bxa6
bxa6 34. Bxa6 Nxe4+ 35. Kf1 Qc1+ 36. Ne1 Qf4+ 37. Nf3 Nd2+ 38. Kf2 Nxf3 39.
Qc8+ Kg7 40. gxf3 Qd4+ 41. Kg3 Qxd5 42. Qc1 Qe5+ 43. f4 Qf6 44. Bb7 Bd7 45. Qc7
Bf5 46. Bc8 e5 47. Bxf5 Qxf5 48. Qxd6 Qxf4+ 49. Kg2 Qe4+ 50. Kg3 Qd4 51. Qxd4
exd4 52. Kf4 Kf6 53. Ke4 Kg5 54. Kxd4 Kg4 55. Ke3 Kh3 56. Kf2 Kxh2 57. Kf3 g5
58. Kg4 f6 59. Kf5 Kh3 60. Kxf6 g4 0-1

[Event "Russian Championship B11 2016"]
[Site "Loo"]
[Date "2016.04.20"]
[Round "1.15"]
[White "Ogloblin, Ilya"]
[Black "Smirnov, Yaroslav"]
[Result "1/2-1/2"]
[WhiteElo "1670"]
[BlackElo "1440"]
[PlyCount "78"]
[EventDate "2016.04.20"]

1. e4 c5 2. Nf3 d6 3. d4 cxd4 4. Nxd4 Nf6 5. Nc3 a6 6. f3 b5 7. a3 e6 8. Be3
Bb7 9. Qd2 Nbd7 10. O-O-O Rc8 11. Kb1 Qc7 12. g4 Ne5 13. h4 d5 14. g5 Nfd7 15.
f4 Nc4 16. Bxc4 Qxc4 17. e5 b4 18. axb4 Bxb4 19. Qd3 Bxc3 20. Qxc4 Rxc4 21.
bxc3 Rxc3 22. Rd3 Rxd3 23. cxd3 Nb8 24. Ka2 Nc6 25. Nxc6 Bxc6 26. Rc1 Kd7 27.
Bd4 Rc8 28. Rc3 Bb5 29. Kb2 Rxc3 30. Kxc3 Kc6 31. Be3 a5 32. d4 Bc4 33. Bc1 Kb5
34. Ba3 Bf1 35. Bc5 Bc4 36. Ba3 Bf1 37. Bc5 Bc4 38. Ba3 Bf1 39. Bc5 Bc4 1/2-1/2

[Event "Russian Championship B11 2016"]
[Site "Loo"]
[Date "2016.04.20"]
[Round "1.16"]
[White "Fedoseev, Ilya"]
[Black "Putrenko, Kirill"]
[Result "1/2-1/2"]
[WhiteElo "1437"]
[BlackElo "1647"]
[PlyCount "81"]
[EventDate "2016.04.20"]

1. d4 Nf6 2. c4 e6 3. Nf3 b6 4. a3 Bb7 5. Nc3 d5 6. e3 Nbd7 7. cxd5 exd5 8. Be2
Be7 9. O-O O-O 10. Bd2 c5 11. Qc2 Rc8 12. Rac1 Ne4 13. Bd3 f5 14. Ne1 g6 15.
Qd1 Bg5 16. Bxe4 fxe4 17. Nc2 Ba6 18. Ne2 Qe7 19. dxc5 bxc5 20. Bc3 Qe6 21. Rb1
Nb6 22. b3 Qf7 23. Be5 Bd3 24. Rb2 Bf6 25. Bxf6 Qxf6 26. Ra2 Qg5 27. Re1 Bxe2
28. Qxe2 Qf6 29. Qd2 Qf5 30. Rf1 Qd7 31. Qe2 Rfe8 32. Rd1 Qb7 33. Raa1 Na8 34.
Rab1 Nc7 35. a4 Ne6 36. Qg4 Rcd8 37. Na3 a6 38. h3 d4 39. Nc4 d3 40. Nd2 Nc7
41. Rbc1 1/2-1/2

[Event "Russian Championship B11 2016"]
[Site "Loo"]
[Date "2016.04.20"]
[Round "1.17"]
[White "Titov, Alexander"]
[Black "Kagan, Mikhail"]
[Result "1-0"]
[WhiteElo "1641"]
[BlackElo "1429"]
[PlyCount "43"]
[EventDate "2016.04.20"]

1. d4 d5 2. c4 e6 3. Nf3 Nf6 4. Bg5 c6 5. cxd5 exd5 6. Nc3 Be6 7. e3 Nbd7 8.
Be2 Bd6 9. Rc1 O-O 10. O-O Kh8 11. Na4 Rg8 12. Nc5 Bxc5 13. dxc5 Qc7 14. Qd4 h6
15. Qh4 Raf8 16. Bd3 h5 17. Nd4 Qe5 18. Rfe1 Qc7 19. Nxe6 fxe6 20. Bg6 Ne5 21.
Bxf6 Ng4 22. Qxh5+ 1-0

[Event "Russian Championship B11 2016"]
[Site "Loo"]
[Date "2016.04.20"]
[Round "1.18"]
[White "Kasparov, Georgy"]
[Black "Safin, Robert"]
[Result "0-1"]
[WhiteElo "1365"]
[BlackElo "1618"]
[PlyCount "58"]
[EventDate "2016.04.20"]

1. e4 c5 2. Nf3 Nc6 3. d4 cxd4 4. Nxd4 Nf6 5. Nc3 e5 6. Ndb5 d6 7. Bg5 Be7 8.
Bxf6 gxf6 9. Nd5 Kf8 10. Bc4 Rg8 11. Qh5 a6 12. Nxf6 Rg7 13. Nxh7+ Kg8 14. Nc3
Rxh7 15. Qf3 Nd4 16. Qd3 Rg7 17. Rg1 Bg4 18. Bb3 Bf3 19. Nd5 Bh5 20. h3 Nf3+
21. Kf1 Nxg1 22. Kxg1 Bf8 23. g4 Qh4 24. Qf3 Bg6 25. Nf6+ Kh8 26. Kh2 Qg5 27.
Nh5 Bxh5 28. gxh5 Qf4+ 29. Qxf4 exf4 0-1

[Event "Russian Championship G11 2016"]
[Site "Loo"]
[Date "2016.04.20"]
[Round "1.1"]
[White "Zvereva, Margarita"]
[Black "Kuznetsova, Yulia"]
[Result "1-0"]
[WhiteElo "1768"]
[BlackElo "1295"]
[PlyCount "107"]
[EventDate "2016.04.20"]

1. e4 e5 2. Nf3 Nc6 3. Bb5 a6 4. Ba4 b5 5. Bb3 Nf6 6. O-O d6 7. c3 Bg4 8. d3
Be7 9. Nbd2 O-O 10. Re1 Na5 11. Bc2 c5 12. Nf1 Nc6 13. Ng3 a5 14. h3 Bh5 15.
Nxh5 Nxh5 16. Nxe5 Nxe5 17. Qxh5 Qd7 18. d4 cxd4 19. cxd4 Nc4 20. b3 Nb6 21.
Bb2 a4 22. d5 axb3 23. axb3 Rxa1 24. Rxa1 Ra8 25. Rxa8+ Nxa8 26. e5 h6 27. e6
Qe8 28. Qf5 g6 29. exf7+ Qxf7 30. Qc8+ Qf8 31. Qb7 Qe8 32. Bd3 Kh7 33. Bf6 Qf7
34. Qxe7 Qxe7 35. Bxe7 Nc7 36. Bxd6 Nxd5 37. Bxb5 Kg7 38. Bc6 Nb6 39. Bc5 Nc8
40. Bd7 Kf6 41. Bxc8 Kf7 42. b4 Ke8 43. Bb6 Ke7 44. Bc7 Ke8 45. b5 Kf7 46. b6
Ke7 47. b7 Kf6 48. b8=Q Ke7 49. Qb4+ Ke8 50. Qd6 Kf7 51. Qe6+ Kg7 52. Qe7+ Kg8
53. Be6+ Kh8 54. Be5# 1-0

[Event "Russian Championship G11 2016"]
[Site "Loo"]
[Date "2016.04.20"]
[Round "1.2"]
[White "Smagulova, Zhanbota"]
[Black "Cherepanova, Evita"]
[Result "0-1"]
[WhiteElo "1289"]
[BlackElo "1689"]
[PlyCount "136"]
[EventDate "2016.04.20"]

1. d4 d5 2. c4 c6 3. cxd5 cxd5 4. Nc3 Nf6 5. Nf3 e6 6. e3 Bd6 7. Bd3 Nc6 8. O-O
O-O 9. b3 a6 10. Bb2 Nb4 11. Bb1 Bd7 12. a3 Nc6 13. e4 dxe4 14. Nxe4 Nxe4 15.
Bxe4 Re8 16. d5 exd5 17. Bxd5 Bf8 18. Re1 Bg4 19. Rxe8 Qxe8 20. Qe1 Qxe1+ 21.
Rxe1 Rd8 22. Bxc6 bxc6 23. Ne5 Rd1 24. Rxd1 Bxd1 25. b4 Ba4 26. Kf1 f6 27. Nf3
c5 28. Bc3 Kf7 29. Ke2 Ke6 30. g4 c4 31. Nd4+ Kd5 32. Ke3 a5 33. Nf5 Bd1 34. f3
a4 35. h4 g6 36. Ng3 Bh6+ 37. f4 Bxg4 38. Bxf6 Ke6 39. Bc3 Kd5 40. Bf6 Bf8 41.
Bc3 Bd6 42. Bg7 Bc7 43. Bd4 Bh3 44. Bc3 Bb6+ 45. Kf3 Bd4 46. Ne2 Bxc3 47. Nxc3+
Kd4 48. Ne2+ Kd3 49. b5 Bd7 50. b6 Bc6+ 51. Kf2 c3 52. Ke1 c2 53. Nc1+ Kc3 54.
Ne2+ Kb2 55. Kd2 Be4 56. Nc1 Kxa3 57. Kc3 Bh1 58. Kxc2 Kb4 59. Kb2 a3+ 60. Kc2
Kc4 61. Kb1 Kb5 62. Ka2 Kxb6 63. Kxa3 Kc5 64. Kb3 Kd4 65. Ne2+ Ke3 66. Ng3 Be4
67. Nxe4 Kxe4 68. h5 gxh5 0-1

[Event "Russian Championship G11 2016"]
[Site "Loo"]
[Date "2016.04.20"]
[Round "1.3"]
[White "Alekseenko, Mariya"]
[Black "Tochilina, Margarita"]
[Result "1-0"]
[WhiteElo "1604"]
[BlackElo "1256"]
[PlyCount "61"]
[EventDate "2016.04.20"]

1. e4 c5 2. Nf3 g6 3. d4 cxd4 4. Nxd4 Bg7 5. Nc3 Nc6 6. Be3 d6 7. Qd2 Nxd4 8.
Bxd4 Bxd4 9. Qxd4 Nf6 10. O-O-O O-O 11. f3 Be6 12. g4 Qa5 13. Bc4 Bxc4 14. Qxc4
Rfc8 15. Qb5 Qd8 16. h4 a6 17. Qd3 b5 18. h5 b4 19. Ne2 Qa5 20. Kb1 Rab8 21.
Nc1 Qb6 22. hxg6 Rc6 23. g5 Nd7 24. gxf7+ Kh8 25. g6 Nf6 26. Rd2 Kg7 27. gxh7
Kh8 28. Rg2 Rcc8 29. Qd2 Qc6 30. Qh6 Nh5 31. Rg8+ 1-0

[Event "Russian Championship G11 2016"]
[Site "Loo"]
[Date "2016.04.20"]
[Round "1.4"]
[White "Kuznetsova, Olga"]
[Black "Krupnova, Anna"]
[Result "0-1"]
[WhiteElo "1249"]
[BlackElo "1591"]
[PlyCount "78"]
[EventDate "2016.04.20"]

1. d4 Nf6 2. c4 g6 3. Nc3 d5 4. Bg5 Ne4 5. Nxe4 dxe4 6. e3 Bg7 7. Ne2 c5 8. Rb1
cxd4 9. Nxd4 Qa5+ 10. b4 Qxg5 11. f4 exf3 12. Qxf3 O-O 13. Nb5 Bg4 14. Qg3 Be5
15. Qf2 Qf5 16. Qxf5 Bxf5 17. Rd1 Nc6 18. a3 Rfd8 19. Rd5 a6 20. Nd4 Rxd5 21.
cxd5 Nxd4 22. exd4 Bxd4 23. Kd2 Rd8 24. Bc4 b5 25. Bb3 Rc8 26. h3 Rc3 27. Bd1
Rxa3 28. Bf3 Ra2+ 29. Ke1 Bc3+ 30. Kf1 Ra1+ 31. Kf2 Rxh1 32. g4 Bd4+ 33. Kg2
Rg1+ 34. Kh2 Bd3 35. Bg2 Rb1 36. h4 Be5+ 37. Kh3 Rb3 38. h5 g5 39. Bf3 Bf1# 0-1

[Event "Russian Championship G11 2016"]
[Site "Loo"]
[Date "2016.04.20"]
[Round "1.5"]
[White "Melenchuk, Olga"]
[Black "Kudryavtseva, Anastasia"]
[Result "1-0"]
[WhiteElo "1579"]
[BlackElo "1243"]
[PlyCount "125"]
[EventDate "2016.04.20"]

1. c4 Nf6 2. Nc3 g6 3. e4 d6 4. d4 Bg7 5. f3 e5 6. d5 Na6 7. Be3 Nh5 8. Qd2 f5
9. O-O-O f4 10. Bf2 b6 11. Kb1 Nc5 12. Qc2 Bd7 13. Nge2 Rb8 14. Nc1 a6 15. Nb3
Qe7 16. Rc1 O-O 17. Be2 a5 18. Rhd1 Rb7 19. Bxc5 dxc5 20. d6 cxd6 21. Qd2 Be6
22. Qxd6 Qf7 23. Nb5 Bf6 24. Qd3 Rd7 25. Qc2 Rfd8 26. Ka1 Rxd1 27. Bxd1 Bxc4
28. Qxc4 Qxc4 29. Rxc4 Rxd1+ 30. Rc1 Rd7 31. Kb1 Kf7 32. Kc2 Be7 33. Nd2 Rb7
34. Nc4 Ke6 35. Rd1 Nf6 36. Kb3 g5 37. h3 h6 38. Ka4 h5 39. Nc3 Nd7 40. Kb5 Rb8
41. Nd5 Bd8 42. Rd2 h4 43. Rd1 Rb7 44. Ka6 Rb8 45. Kb5 Rb7 46. Nc3 Be7 47. Kc6
Ra7 48. Nb5 Nb8+ 49. Kxb6 Rd7 50. Nc7+ Kf6 51. Rxd7 Nxd7+ 52. Kc6 Nb8+ 53. Kb7
Nd7 54. Kc8 Nf8 55. Nd5+ Ke6 56. Nxe7 Kxe7 57. Nxe5 Ne6 58. Nc6+ Kd6 59. Nxa5
Nd4 60. a4 Ne6 61. Nb7+ Ke5 62. a5 c4 63. a6 1-0

[Event "Russian Championship G11 2016"]
[Site "Loo"]
[Date "2016.04.20"]
[Round "1.6"]
[White "Yusupova, Elina"]
[Black "Mikheeva, Galina"]
[Result "0-1"]
[WhiteElo "1243"]
[BlackElo "1533"]
[PlyCount "50"]
[EventDate "2016.04.20"]

1. e4 e5 2. Nf3 Nc6 3. Bb5 Nf6 4. O-O Nxe4 5. Bxc6 dxc6 6. Nxe5 Nf6 7. d4 h6 8.
Re1 Be7 9. Nc3 O-O 10. Bf4 Be6 11. Re3 c5 12. d5 Nxd5 13. Nxd5 Qxd5 14. Qxd5
Bxd5 15. Rg3 Kh7 16. Nd7 Rfd8 17. Ne5 Bd6 18. Rd3 Be6 19. Rad1 Be7 20. Rxd8
Rxd8 21. Rxd8 Bxd8 22. b3 c6 23. Nd3 b6 24. Kf1 Kg6 25. Ke2 Kf5 {
Далее запись неразбор~~ива} 0-1

[Event "Russian Championship G11 2016"]
[Site "Loo"]
[Date "2016.04.20"]
[Round "1.7"]
[White "Surovtseva, Alisa"]
[Black "Nikolaeva, Nadezhda"]
[Result "1-0"]
[WhiteElo "1511"]
[BlackElo "1237"]
[PlyCount "71"]
[EventDate "2016.04.20"]

1. e4 c5 2. Nf3 d6 3. d4 cxd4 4. Qxd4 Nc6 5. Bb5 Bd7 6. Bxc6 Bxc6 7. Nc3 Nf6 8.
Bg5 e6 9. O-O-O Be7 10. Qd3 O-O 11. Nd4 Rc8 12. Kb1 Nxe4 13. Nxc6 Nxc3+ 14.
Qxc3 Rxc6 15. Bxe7 Qxe7 16. Qd3 Rfc8 17. Rd2 d5 18. f4 Rb6 19. c3 Qf6 20. Qd4
Rxc3 21. Qa4 Rc8 22. Qxa7 Qf5+ 23. Ka1 Rbc6 24. a3 Qxf4 25. Rdd1 Qb8 26. Qe3 b5
27. Rd4 Qa7 28. Qd3 Rc2 29. Rb4 Rxg2 30. Rf1 Rxh2 31. Qxb5 Kf8 32. Rbf4 Rc7 33.
Qb4+ Ke8 34. Qb5+ Kf8 35. Qb4+ Kg8 36. Qd6 1-0